1920s Decade Quiz - Statistics

General Stats
  • This quiz has been taken 49,482 times
    27,578 since last reset
  • The average score is 14 of 20
Answer Stats
Hint Answer % Correct
Ancient Egyptian pharaoh whose tomb was uncovered in 1922 Tutankhamun
94%
The first leader of the Soviet Union V. I. Lenin
93%
Fascist leader who rose to power in Italy Benito Mussolini
90%
Chicago's most notorious gangster during the decade Al Capone
87%
Miracle drug discovered by Alexander Fleming Penicillin
87%
The nickname of the 1920s The {Roaring} Twenties
85%
Escape artist who died after being punched in the stomach Harry Houdini
81%
Actor who wore a bowler hat, had a mustache, and often carried a cane Charlie Chaplin
79%
Type of movie which declined after the release of "The Jazz Singer" starring Al Jolson Silent Movie
65%
Invention of 1928 which was the greatest thing since ... ever Sliced Bread
64%
The name of the German government during this period The {Weimar} Republic
64%
The first name of F. Scott Fitzgerald's wife (later, a video game princess) Zelda
64%
Jazz trumpeter known as "Satchmo" Louis Armstrong
60%
Art movement which Salvador Dalí and René Magritte belonged to {Surreal}ism
59%
Intelligence-lowering device which John Logie Baird is credited with inventing Television
57%
Group of women who wore short skirts, had bobbed hair, drank booze, and listened to jazz Flappers
56%
Leader who became the first President of Turkey Mustafa Kemal Atatürk
53%
Pilot who flew the Spirit of St. Louis from New York to Paris Charles Lindbergh
51%
Author who wrote "Farewell to Arms" and "The Sun Also Rises" Ernest Hemingway
50%
Composer who wrote "Rhapsody in Blue" George Gershwin
36%
No matching quizzes found
Score Distribution
Percent of People with Each Score
Percentile by Number Answered
Your Score History
You have not taken this quiz since the last reset